Mort subite Champion olympique français ou non ? - Statistiques

Statistiques générales
  • Ce quiz a été pris 111 fois
  • Le résultat moyen est 4 sur 19
Answers on the Grid
Answers color-coded by a green-red scale on the quiz's grid according to % correct below.
Michel Théato en 1900
Boughéra El Ouafi en 1928
Alain Mimoun en 1956
Renaud Lavillenie en 2012
Jean Cau en 1900
Sébastien Vieilledent en 2004
Jean Despeaux en 1936
Joris Daudet en 2024
Maurice Garin en 1908
Daniel Morelon en 1968
Guy Lapébie en 1936
Jeannie Longo en 1996
Pauline Ferrand-Prévot en 2024
Philippe Rozier en 2016
Roger Ducret en 1924
Louis Hostin en 1932
Luc Abalo en 2012
Steeve Guénot en 2008
Léon Marchand en 2024
Marcel Rozier en 1976
Isabelle Duchesnay en 1992
Christophe Guénot en 2008
Marc Pajot en 1972
Mahiedine Mekhissi-Benabbad en 2012
Jules Ladoumègue en 1928
Mélina Robert-Michon en 2016
Mehdi Baala en 2008
Danis Civil en 2024
Sofiane Oumiha en 2016
Brigitte Guibal en 2000
Grégory Baugé en 2012
Jacques Anquetil en 1952
Janou Lefèbvre en 1964
Sara Balzer en 2020
Jean Debuf en 1956
Daniel Robin en 1968
Frédéric Delcourt en 1984
Johanne Defay en 2024
Pascal Gentil en 2004
Henri Cochet en 1924
 
Statistiques - réponses
Réponse % Correct
Léon Marchand en 2024
80%
Pauline Ferrand-Prévot en 2024
60%
Jeannie Longo en 1996
50%
Renaud Lavillenie en 2012
40%
Alain Mimoun en 1956
30%
Marcel Rozier en 1976
30%
Joris Daudet en 2024
20%
Daniel Morelon en 1968
10%
Luc Abalo en 2012
10%
Philippe Rozier en 2016
10%
Steeve Guénot en 2008
10%
Boughéra El Ouafi en 1928
0%
Guy Lapébie en 1936
0%
Jean Cau en 1900
0%
Jean Despeaux en 1936
0%
Louis Hostin en 1932
0%
Michel Théato en 1900
0%
Roger Ducret en 1924
0%
Sébastien Vieilledent en 2004
0%
Aucun quiz correspondant
Distribution des résultats
% des personnes avec chaque résultat
Percentile par nombre de réponses
Votre historique - résultats
Vous n’avez pas pris ce quiz